| 000 | 01153cab a2200181 4500 | ||
|---|---|---|---|
| 001 | ABS68661 | ||
| 008 | 050127n2005 000 0 eng u | ||
| 035 | _a(Sirsi) u128654 | ||
| 041 | _aeng | ||
| 245 | _a(1) Martin Mortimer (2) Jocelyn Mortimer v (1) Colin Bailey (2) Pamela Waterton-Bailey | ||
| 260 | _c2005 | ||
| 520 | _a[2004] EWCA Civ 1514, 29 October 2004. Considered an appeal by the appellants (B) against a mandatory injunction sought by the respondents (M). The issue was whether M should be barred from obtaining a final injunction on the grounds of delay. M had not sought an interlocutory injunction as soon as he knew that a building was being erected on neighbouring land, but had made it clear that he objected to that construction as a breach of a restrictive covenant binding both properties. "Held": the appeal was dismissed. | ||
| 590 | _aABS | ||
| 650 | _aMORTIMER AND ANOTHER V BAILEY AND ANOTHER | ||
| 690 | _aPROPERTY-RESIDENTIAL PROPERTY-RESIDENTIAL PROPERTY DEVELOPMENT | ||
| 856 |
_uhttps://www.bailii.org/cgi-bin/markup.cgi?doc=/ew/cases/EWCA/Civ/2004/1514.html _zView the judgment at www.bailii.org... |
||
| 942 | _n0 | ||
| 999 |
_c74773 _d74773 |
||